| 000 | 00364nam a2200145Ia 4500 | ||
|---|---|---|---|
| 008 | 150301s2014 xx 000 0 und d | ||
| 082 |
_a617.917 _bO14B |
||
| 100 | _aBHALLA, PRAMILA | ||
| 245 | _aTB. FOR OPERATION ROOM TECHNICIANS | ||
| 250 | _a2ND | ||
| 260 |
_bABC. DELHI _c2014 |
||
| 300 | _a338 | ||
| 650 | _aOPERATION ROOM TECHNICIANS | ||
| 942 |
_2ddc _cBK _0101 |
||
| 999 |
_c6821 _d6821 |
||